[Event "NOR-chT lag"]
[Site "Tromsoe"]
[Date "2013.02.22"]
[Round "3"]
[White "Roelvaag, Mikael"]
[Black "Hardersen, Steinar"]
[Result "1-0"]
[WhiteElo "2078"]
[BlackElo "1490"]
[PlyCount "80"]
[EventDate "2013.02.22"]
[EventType "team-swiss"]
[EventRounds "5"]
[EventCountry "NOR"]
[SourceTitle "CBM 153 Extra"]
[Source "ChessBase"]
[SourceDate "2013.04.22"]
[SourceVersion "1"]
[SourceVersionDate "2013.04.22"]
[SourceQuality "1"]

1. c4 f5 2. g3 Nf6 3. Bg2 e6 4. d4 Be7 5. Nd2 0-0 6. b3 Qe8 7. Nh3 d6 8. Bb2 Ng4 9. Nf4 g5 10. Nd3 Nd7 11. e4 h5 12. h3 Nh6 13. Qe2 Qf7 14. Bf3 g4 15. Bg2 Bg5 16. exf5 Nf6 17. h4 Bxd2+ 18. Qxd2 Nxf5 19. 0-0 Rb8 20. Rae1 Bd7 21. Re2 b6 22. Rfe1 Rbe8 23. b4 Re7 24. Qg5+ Qg7 25. Nf4 Rfe8 26. c5 d5 27. Ng6 Rf7 28. Nf4 Rfe7 29. Ng6 Rf7 30. Nf4 Rfe7 31. Re5 Nh6 32. Nxh5 Nxh5 33. Qxh5 Nf5 34. Bc1 Rf7 35. Bxd5 Rf6 36. Rxf5 Rxf5 37. Qxf5 Qxd4 38. Bb3 Rf8 39. Qg6+ Kh8 40. Qc2 Kg8 1-0

[Event "Hastings Masters op 87th"]
[Site "Hastings"]
[Date "2012.01.01"]
[Round "5"]
[White "Pickersgill, Adrian"]
[Black "Roelvaag, Mikael"]
[Result "1-0"]
[WhiteElo "1990"]
[BlackElo "2201"]
[PlyCount "55"]
[EventDate "2011.12.28"]
[EventType "swiss"]
[EventRounds "9"]
[EventCountry "ENG"]
[SourceTitle "CBM 146 Extra"]
[Source "ChessBase"]
[SourceDate "2012.02.29"]
[SourceVersion "1"]
[SourceVersionDate "2012.02.29"]
[SourceQuality "1"]

1. e4 c5 2. Nf3 Nc6 3. Bb5 g6 4. Bxc6 dxc6 5. d3 Bg7 6. h3 Nf6 7. Nc3 Nd7 8. Be3 e5 9. Qd2 h6 10. 0-0 Qe7 11. a4 a5 12. Rae1 Nf8 13. Nh2 Ne6 14. Ne2 b6 15. f4 exf4 16. Nxf4 Nxf4 17. Bxf4 Be6 18. Nf3 0-0-0 19. Be5 f6 20. Bc3 g5 21. Qe3 Kb7 22. d4 c4 23. d5 Bd7 24. Qd4 cxd5 25. Qxd5+ Bc6 26. Qxc4 Rc8 27. Nd4 Bxe4 28. Qe6 1-0

[Event "Hastings Masters op 86th"]
[Site "Hastings"]
[Date "2011.01.05"]
[Round "9"]
[White "Eames, Robert"]
[Black "Roelvaag, Mikael"]
[Result "1-0"]
[WhiteElo "2275"]
[BlackElo "2179"]
[PlyCount "43"]
[EventDate "2010.12.28"]
[EventType "swiss"]
[EventRounds "9"]
[EventCountry "ENG"]
[SourceTitle "CBM 140 Extra"]
[Source "ChessBase"]
[SourceDate "2011.03.01"]
[SourceVersion "1"]
[SourceVersionDate "2011.03.01"]
[SourceQuality "1"]

1. e4 c5 2. Nf3 Nc6 3. d4 cxd4 4. Nxd4 g6 5. Nc3 Bg7 6. Be3 Nf6 7. Bc4 0-0 8. Bb3 a5 9. 0-0 Nxd4 10. Bxd4 d6 11. Qe2 Bd7 12. Rad1 Bc6 13. Nd5 Nd7 14. Bxg7 Kxg7 15. Qe3 b5 16. Qc3+ Ne5 17. f4 Bxd5 18. Bxd5 Rc8 19. Qd4 e6 20. Bb3 a4 21. fxe5 axb3 22. cxb3 1-0

[Event "Hastings Masters op 86th"]
[Site "Hastings"]
[Date "2011.01.02"]
[Round "6"]
[White "Roelvaag, Mikael"]
[Black "Kaufeld, Juergen"]
[Result "1/2-1/2"]
[WhiteElo "2179"]
[BlackElo "2270"]
[PlyCount "39"]
[EventDate "2010.12.28"]
[EventType "swiss"]
[EventRounds "9"]
[EventCountry "ENG"]
[SourceTitle "CBM 140 Extra"]
[Source "ChessBase"]
[SourceDate "2011.03.01"]
[SourceVersion "1"]
[SourceVersionDate "2011.03.01"]
[SourceQuality "1"]

1. c4 c6 2. d4 d5 3. Nf3 Nf6 4. e3 a6 5. Bd3 Bg4 6. Nbd2 Nbd7 7. Qc2 dxc4 8. Bxc4 e6 9. b3 c5 10. Bb2 Rc8 11. Qb1 cxd4 12. Bxd4 b5 13. Be2 Bxf3 14. Nxf3 Bb4+ 15. Kf1 0-0 16. a4 Rb8 17. axb5 axb5 18. g3 Nd5 19. Kg2 Nc3 20. Bxc3 1/2-1/2

[Event "Hastings Masters op 86th"]
[Site "Hastings"]
[Date "2010.12.30"]
[Round "3"]
[White "Wohl, Aleksandar H"]
[Black "Roelvaag, Mikael"]
[Result "1-0"]
[WhiteElo "2424"]
[BlackElo "2179"]
[PlyCount "119"]
[EventDate "2010.12.28"]
[EventType "swiss"]
[EventRounds "9"]
[EventCountry "ENG"]
[SourceTitle "CBM 140 Extra"]
[Source "ChessBase"]
[SourceDate "2011.03.01"]
[SourceVersion "1"]
[SourceVersionDate "2011.03.01"]
[SourceQuality "1"]

1. e4 c5 2. Nf3 Nc6 3. Bb5 g6 4. 0-0 Bg7 5. c3 Nf6 6. Re1 0-0 7. h3 Qb6 8. Na3 Ne8 9. Bf1 e5 10. d3 d6 11. Be3 Qd8 12. d4 b6 13. dxc5 dxc5 14. Qa4 Bb7 15. Bg5 f6 16. Rad1 Qe7 17. Bc1 Nc7 18. Nc2 Kh8 19. Ne3 Rfd8 20. Nd5 Nxd5 21. exd5 Nb8 22. c4 Qd7 23. Qc2 Na6 24. g4 Re8 25. Nh4 Bf8 26. b3 Bd6 27. Bb2 Qf7 28. Re3 Kg8 29. Rde1 Nb8 30. f4 Nd7 31. Qe2 Rf8 32. fxe5 Bxe5 33. Nf3 Bxb2 34. Re7 Bc3 35. Rxf7 Rxf7 36. Rd1 Ne5 37. Bg2 Nxf3+ 38. Bxf3 Be5 39. Kg2 Bd6 40. Re1 Rd8 41. h4 Bc8 42. Qd2 Bd7 43. a3 Re8 44. Re6 Be5 45. b4 Bxe6 46. dxe6 Rfe7 47. bxc5 bxc5 48. Bc6 Rb8 49. Qa5 Bd4 50. Bd7 f5 51. g5 Rb6 52. Qxa7 Rbxe6 53. Bxe6+ Rxe6 54. a4 Re2+ 55. Kf1 Rb2 56. a5 f4 57. a6 Rb3 58. Qa8+ Kg7 59. Qe4 Ra3 60. Qb7+ 1-0

[Event "Politiken Cup 32nd"]
[Site "Copenhagen"]
[Date "2010.08.07"]
[Round "9"]
[White "Roelvaag, Mikael"]
[Black "Haubro, Martin"]
[Result "1-0"]
[WhiteElo "2187"]
[BlackElo "1991"]
[PlyCount "85"]
[EventDate "2010.07.31"]
[EventType "swiss"]
[EventRounds "10"]
[EventCountry "DEN"]
[SourceTitle "CBM 137 Extra"]
[Source "ChessBase"]
[SourceDate "2010.09.01"]
[SourceVersion "1"]
[SourceVersionDate "2010.09.01"]
[SourceQuality "1"]

1. c4 f5 2. g3 Nf6 3. Bg2 g6 4. Nc3 d6 5. d3 Bg7 6. e4 c6 7. Nge2 0-0 8. 0-0 e5 9. exf5 Bxf5 10. d4 Nbd7 11. h3 Qc7 12. Be3 Rad8 13. g4 Be6 14. d5 Bf7 15. Ng3 Nb6 16. g5 Nfd7 17. b3 cxd5 18. Nb5 Qb8 19. cxd5 a6 20. Nc3 Nc8 21. a4 b6 22. b4 Ne7 23. Be4 Rc8 24. Qd3 Rc7 25. Rfc1 Rfc8 26. Bg2 Rc4 27. Nge4 Nf5 28. Rab1 Qa8 29. Bf1 Nxe3 30. Qxe3 Rd4 31. Nxd6 Rf8 32. Bg2 Rf4 33. Nxf7 R8xf7 34. Ne4 h6 35. Rc2 Qd8 36. d6 hxg5 37. Rbc1 Rf8 38. Rc7 g4 39. Qb3+ R4f7 40. hxg4 Re8 41. g5 Kf8 42. Bh3 Bh8 43. Qxf7+ 1-0

[Event "Politiken Cup 32nd"]
[Site "Copenhagen"]
[Date "2010.08.05"]
[Round "7"]
[White "Roelvaag, Mikael"]
[Black "Nielsen, Aage Sondergaard"]
[Result "1-0"]
[WhiteElo "2187"]
[BlackElo "1944"]
[PlyCount "69"]
[EventDate "2010.07.31"]
[EventType "swiss"]
[EventRounds "10"]
[EventCountry "DEN"]
[SourceTitle "CBM 137 Extra"]
[Source "ChessBase"]
[SourceDate "2010.09.01"]
[SourceVersion "1"]
[SourceVersionDate "2010.09.01"]
[SourceQuality "1"]

1. c4 Nf6 2. d4 g6 3. Nc3 Bg7 4. e4 d6 5. f3 0-0 6. Bg5 c5 7. d5 Na6 8. Qd2 Qa5 9. Nge2 Bd7 10. Nc1 h6 11. Be3 Ne8 12. a4 Kh7 13. Ra3 Nb4 14. Be2 Qd8 15. a5 Nc7 16. 0-0 f5 17. Nd3 Qe8 18. exf5 Bxf5 19. Ne4 Nca6 20. Ndf2 Nc7 21. g4 Bd7 22. f4 Rh8 23. Ng3 Qf7 24. f5 Ne8 25. Nd3 Kg8 26. Nxb4 cxb4 27. Qxb4 Nf6 28. Qxb7 Rf8 29. Qxa7 gxf5 30. gxf5 Kh7 31. Qd4 Be8 32. Qh4 Kg8 33. b4 Nh7 34. a6 Be5 35. a7 1-0

[Event "Politiken Cup 32nd"]
[Site "Copenhagen"]
[Date "2010.08.01"]
[Round "2"]
[White "Roelvaag, Mikael"]
[Black "Skjoldager, Mikael"]
[Result "1-0"]
[WhiteElo "2187"]
[BlackElo "1978"]
[PlyCount "66"]
[EventDate "2010.07.31"]
[EventType "swiss"]
[EventRounds "10"]
[EventCountry "DEN"]
[SourceTitle "CBM 137 Extra"]
[Source "ChessBase"]
[SourceDate "2010.09.01"]
[SourceVersion "1"]
[SourceVersionDate "2010.09.01"]
[SourceQuality "1"]

1. c4 e5 2. g3 Nf6 3. Bg2 Nc6 4. Nc3 Bb4 5. Nd5 Bc5 6. e3 0-0 7. Ne2 d6 8. 0-0 Nxd5 9. cxd5 Ne7 10. d4 Bb6 11. b3 Bg4 12. dxe5 dxe5 13. h3 Bh5 14. g4 Bg6 15. e4 Nc8 16. a4 a5 17. Ba3 Nd6 18. Qd3 Re8 19. Ng3 Bd4 20. Rac1 Ra6 21. Bc5 Qf6 22. Bxd4 exd4 23. f4 h6 24. Rxc7 Rb6 25. Rcc1 Rb4 26. Nf5 Bxf5 27. gxf5 Qd8 28. e5 Qb6 29. Rf3 Nc8 30. Rg3 f6 31. d6 Nxd6 32. exf6 Re3 33. Bd5+ Kh8 1-0

[Event "Narvik Rallarsjakken-A"]
[Site "Narvik"]
[Date "2010.04.16"]
[Round "4"]
[White "Royset, Pal"]
[Black "Roelvaag, Mikael"]
[Result "1/2-1/2"]
[WhiteElo "2221"]
[BlackElo "2181"]
[PlyCount "83"]
[EventDate "2010.04.16"]
[EventType "swiss"]
[EventRounds "5"]
[EventCountry "NOR"]
[SourceTitle "EXT 2012"]
[Source "ChessBase"]
[SourceDate "2011.11.24"]
[SourceVersion "1"]
[SourceVersionDate "2011.11.24"]
[SourceQuality "1"]

1. e4 c5 2. Nf3 Nc6 3. Bb5 g6 4. 0-0 Bg7 5. Re1 Nf6 6. e5 Nd5 7. Nc3 Nc7 8. Bxc6 dxc6 9. h3 0-0 10. d3 b6 11. Qe2 Be6 12. Qe4 Bd5 13. Nxd5 Qxd5 14. Qh4 f6 15. Bd2 Ne6 16. Bc3 Rae8 17. exf6 exf6 18. Re3 Ng5 19. Nd2 Re6 20. a3 Rfe8 21. Rae1 Rxe3 22. fxe3 Qe6 23. e4 Nf7 24. Nf3 Nd6 25. b3 Nb5 26. Bb2 Qd6 27. Rf1 Rf8 28. Re1 Re8 29. a4 Nd4 30. Bxd4 cxd4 31. Kh1 h5 32. e5 fxe5 33. Nxd4 Rf8 34. Nf3 Rf5 35. Qg3 Qf6 36. Nd2 Bh6 37. Ne4 Qf7 38. Qh2 Rf1+ 39. Rxf1 Qxf1+ 40. Qg1 Qf5 41. Qf2 Kg7 42. g4 1/2-1/2

[Event "Vadsosjakken-A"]
[Site "Vadso"]
[Date "2009.08.28"]
[Round "1"]
[White "Leukkunen, Raimo"]
[Black "Roelvaag, Mikael"]
[Result "0-1"]
[WhiteElo "1900"]
[BlackElo "2043"]
[PlyCount "116"]
[EventDate "2009.08.28"]
[EventType "swiss"]
[EventRounds "5"]
[EventCountry "NOR"]
[SourceTitle "EXT 2012"]
[Source "ChessBase"]
[SourceDate "2011.11.24"]
[SourceVersion "1"]
[SourceVersionDate "2011.11.24"]
[SourceQuality "1"]

1. e4 c5 2. Nf3 e6 3. d4 cxd4 4. Nxd4 a6 5. Nc3 Qc7 6. Be2 Nf6 7. a3 b5 8. Bf3 Bb7 9. 0-0 d6 10. Be3 Nbd7 11. Nde2 Be7 12. Ng3 0-0 13. Re1 Rfd8 14. Qe2 Ne5 15. Bd4 Rac8 16. Rac1 Bc6 17. b4 Bf8 18. h3 g6 19. Nb1 Nfd7 20. c3 Nc4 21. Rc2 Nde5 22. Nf1 Qb7 23. Nfd2 Nxf3+ 24. gxf3 Nxd2 25. Nxd2 e5 26. Be3 Bd7 27. Bg5 Re8 28. Kh2 h6 29. Bh4 Be6 30. Rg1 Rc6 31. Qe3 Bg7 32. Bg3 Qc8 33. h4 h5 34. f4 exf4 35. Bxf4 Rxc3 36. Rxc3 Qxc3 37. Qxc3 Bxc3 38. Nf3 Bc4 39. Ng5 f6 40. Nh3 Kh7 41. Bxd6 Rxe4 42. Nf4 Bf7 43. f3 Rd4 44. Bb8 Rd8 45. Bc7 Rd7 46. Bb8 Bb2 47. Kg3 Bxa3 48. Ra1 Bxb4 49. Rxa6 Be7 50. Ne2 Bc4 51. Nf4 Rb7 52. Bd6 b4 53. Bxe7 Bxa6 54. Bxf6 b3 55. Bb2 Rc7 56. Nd5 Rc2 57. Nf6+ Kg7 58. Nxh5+ Kf7 0-1

[Event "Arctic Chess Challenge"]
[Site "Tromsoe"]
[Date "2009.08.04"]
[Round "4"]
[White "Haarr, Jon Kristian"]
[Black "Roelvaag, Mikael"]
[Result "1/2-1/2"]
[WhiteElo "2110"]
[BlackElo "2196"]
[PlyCount "37"]
[EventDate "2009.08.01"]
[EventType "swiss"]
[EventRounds "9"]
[EventCountry "NOR"]
[SourceTitle "CBM 131 Extra"]
[Source "ChessBase"]
[SourceDate "2009.09.03"]
[SourceVersion "2"]
[SourceVersionDate "2009.09.16"]
[SourceQuality "1"]

1. e4 c6 2. c4 e5 3. d4 Nf6 4. dxe5 Nxe4 5. Bd3 Bb4+ 6. Nd2 d5 7. exd6 Nxd2 8. Bxd2 Qxd6 9. Qe2+ Be6 10. 0-0-0 Bxd2+ 11. Rxd2 Qc5 12. f4 0-0 13. Nf3 Na6 14. Ng5 Bf5 15. g4 Rae8 16. Qf1 Bxd3 17. Qxd3 f5 18. Kb1 Qe3 19. gxf5 1/2-1/2

[Event "Politiken Cup 31st"]
[Site "Helsingor"]
[Date "2009.07.18"]
[Round "1"]
[White "Roelvaag, Mikael"]
[Black "Larsen, Hans Haagen"]
[Result "1-0"]
[WhiteElo "2196"]
[BlackElo "1844"]
[PlyCount "49"]
[EventDate "2009.07.18"]
[EventType "swiss"]
[EventRounds "10"]
[EventCountry "DEN"]
[SourceTitle "CBM 131 Extra"]
[Source "ChessBase"]
[SourceDate "2009.09.03"]
[SourceVersion "2"]
[SourceVersionDate "2009.09.16"]
[SourceQuality "1"]

1. c4 e5 2. Nc3 Nc6 3. Nf3 d6 4. d4 exd4 5. Nxd4 Bd7 6. Nc2 Nf6 7. e4 Qe7 8. f3 0-0-0 9. Be2 Nh5 10. Be3 f5 11. Qd2 g6 12. Bg5 Nf6 13. Nd5 Nxd5 14. exd5 Qxe2+ 15. Kxe2 Re8+ 16. Kd1 Ne5 17. Qd4 Kb8 18. f4 Nf7 19. Bf6 Rg8 20. Re1 g5 21. Rxe8+ Bxe8 22. fxg5 Nxg5 23. Bxg5 Bh5+ 24. Ke1 Rxg5 25. Qf6 1-0

[Event "Hastings Masters op 84th"]
[Site "Hastings"]
[Date "2008.12.29"]
[Round "2"]
[White "Roelvaag, Mikael"]
[Black "Norinkeviciute, Rasa"]
[Result "1-0"]
[WhiteElo "2199"]
[BlackElo "2005"]
[PlyCount "155"]
[EventDate "2008.12.28"]
[EventType "swiss"]
[EventRounds "9"]
[EventCountry "ENG"]
[SourceTitle "CBM 128 Extra"]
[Source "ChessBase"]
[SourceDate "2009.03.05"]
[SourceVersion "2"]
[SourceVersionDate "2009.03.25"]
[SourceQuality "1"]

1. d4 b6 2. e4 e6 3. Nc3 Bb7 4. a3 g6 5. Be3 Bg7 6. Qd2 h6 7. Nge2 Ne7 8. f3 d6 9. Nf4 a6 10. d5 e5 11. Nd3 f5 12. Ne2 Nd7 13. c4 Nf6 14. Nc3 fxe4 15. fxe4 Ng4 16. Bg1 h5 17. h3 Bh6 18. Qe2 Nf6 19. g3 Bc8 20. Be3 Bg7 21. b4 a5 22. Ra2 Ba6 23. Nf2 axb4 24. axb4 Bb7 25. Bg2 0-0 26. 0-0 Rxa2 27. Qxa2 Qa8 28. Qb3 Rb8 29. Nb5 Ne8 30. Qb2 Rc8 31. h4 c6 32. Nc3 cxd5 33. cxd5 b5 34. Ra1 Qb8 35. Ra5 Nc7 36. Ba7 Qa8 37. Bc5 Ba6 38. Bxd6 Bf6 39. Bxc7 Rxc7 40. d6 Rxc3 41. Qxc3 Nc6 42. Ra2 Qb7 43. Qa3 Nb8 44. Qa5 Qf7 45. Ra1 Bb7 46. Qc7 Nc6 47. d7 Nd8 48. Nd3 Qb3 49. Qd6 Kg7 50. Rf1 Qe6 51. Qxe6 Nxe6 52. Bh3 Nd8 53. Nc5 Kf7 54. Kf2 Ke7 55. Ke3 Bc6 56. Rd1 g5 57. hxg5 Bxg5+ 58. Kf3 Bf6 59. Bf5 h4 60. gxh4 Bxh4 61. Nd3 Bf6 62. Nf2 Kf7 63. Ng4 Bg7 64. Rh1 Kg8 65. Ke3 Kf8 66. Kd3 Ke7 67. Rh7 Kf8 68. Rxg7 Kxg7 69. Nxe5 Kf6 70. Kd4 Bb7 71. Bh3 Ba8 72. Bf5 Bb7 73. Ng4+ Kg5 74. Ne3 Kf6 75. Nd5+ Kf7 76. Kc5 Bc6 77. Kd6 Ba8 78. Kc7 1-0

[Event "Vadsosjakken op"]
[Site "Vadso"]
[Date "2008.08.29"]
[Round "1"]
[White "Odden, Jan Ove"]
[Black "Roelvaag, Mikael"]
[Result "0-1"]
[WhiteElo "1534"]
[BlackElo "2052"]
[PlyCount "42"]
[EventDate "2008.08.??"]
[EventType "swiss"]
[EventRounds "5"]
[EventCountry "NOR"]
[SourceTitle "EXT 2010"]
[Source "ChessBase"]
[SourceDate "2010.11.25"]
[SourceVersion "1"]
[SourceVersionDate "2010.11.25"]
[SourceQuality "1"]

1. d4 Nf6 2. c4 e6 3. Nc3 Bb4 4. Qc2 c5 5. Nf3 cxd4 6. Nxd4 a6 7. g3 Qc7 8. a3 Be7 9. Qd3 d6 10. Bg2 Bd7 11. 0-0 Nc6 12. Re1 Rc8 13. b3 Nxd4 14. Qxd4 b5 15. Bd2 bxc4 16. bxc4 0-0 17. Reb1 Rb8 18. e3 Rfc8 19. Bf1 Bc6 20. Bd3 Nd7 21. f4 Bf6 0-1

[Event "Politiken Cup 30th"]
[Site "Helsingor"]
[Date "2008.07.23"]
[Round "6"]
[White "Roelvaag, Mikael"]
[Black "Antonsen, Mikkel"]
[Result "0-1"]
[WhiteElo "2214"]
[BlackElo "2455"]
[PlyCount "70"]
[EventDate "2008.07.19"]
[EventType "swiss"]
[EventRounds "10"]
[EventCountry "DEN"]
[SourceTitle "CBM 125 Extra"]
[Source "ChessBase"]
[SourceDate "2008.09.01"]
[SourceVersion "1"]
[SourceVersionDate "2008.09.01"]
[SourceQuality "1"]

1. d4 Nf6 2. c4 g6 3. Nc3 d5 4. Nf3 Bg7 5. Bg5 Ne4 6. cxd5 Nxg5 7. Nxg5 e6 8. Nf3 exd5 9. b4 0-0 10. e3 c6 11. Bd3 a5 12. a3 Qd6 13. Rb1 Bg4 14. 0-0 axb4 15. axb4 Nd7 16. h3 Bxf3 17. Qxf3 b5 18. Rb3 Nb6 19. Rd1 f5 20. g3 Nc4 21. h4 Bh6 22. Kg2 Rfe8 23. Bxc4 bxc4 24. Rbb1 Ra3 25. Rdc1 Rb8 26. b5 Rxc3 27. Rxc3 cxb5 28. h5 b4 29. Rcc1 b3 30. hxg6 hxg6 31. g4 Qe6 32. Qh3 Qe4+ 33. Kh2 Bf8 34. gxf5 Qxf5 35. Qg3 Rb7 0-1

[Event "Politiken Cup 30th"]
[Site "Helsingor"]
[Date "2008.07.22"]
[Round "5"]
[White "Carnstam, Tomas"]
[Black "Roelvaag, Mikael"]
[Result "0-1"]
[WhiteElo "2046"]
[BlackElo "2214"]
[PlyCount "70"]
[EventDate "2008.07.19"]
[EventType "swiss"]
[EventRounds "10"]
[EventCountry "DEN"]
[SourceTitle "CBM 125 Extra"]
[Source "ChessBase"]
[SourceDate "2008.09.01"]
[SourceVersion "1"]
[SourceVersionDate "2008.09.01"]
[SourceQuality "1"]

1. b3 e5 2. Bb2 d6 3. e3 f5 4. f4 e4 5. Nh3 Nf6 6. Be2 Be7 7. c4 0-0 8. d4 exd3 9. Qxd3 Na6 10. Nd2 Nc5 11. Qd4 Ne8 12. e4 fxe4 13. Nxe4 Nxe4 14. Qxe4 Bxh3 15. gxh3 Bh4+ 16. Kd1 Bf6 17. Bd3 g6 18. Qe6+ Kh8 19. Bxf6+ Rxf6 20. Qe3 Ng7 21. Kc2 Qf8 22. Rhf1 a5 23. Qd4 c5 24. Qd5 Ne6 25. Qxb7 a4 26. f5 Nd4+ 27. Kc3 gxf5 28. bxa4 Rb8 29. Qd5 Qd8 30. Bxf5 Qa5+ 31. Kd3 Qxa4 32. Rac1 Qxa2 33. Bg4 Rxf1 34. Qxd4+ cxd4 35. Rxf1 Qb2 0-1

[Event "NOR-chT lag"]
[Site "Tromsoe"]
[Date "2008.02.29"]
[Round "3"]
[White "Jaeger, Frode Bull"]
[Black "Roelvaag, Mikael"]
[Result "1/2-1/2"]
[WhiteElo "2118"]
[BlackElo "2056"]
[PlyCount "52"]
[EventDate "2008.02.29"]
[EventType "team-tourn"]
[EventRounds "5"]
[EventCountry "NOR"]
[SourceTitle "EXT 2010"]
[Source "ChessBase"]
[SourceDate "2010.11.25"]
[SourceVersion "1"]
[SourceVersionDate "2010.11.25"]
[SourceQuality "1"]

1. c4 e6 2. Nc3 d5 3. d4 c5 4. cxd5 exd5 5. Nf3 Nc6 6. g3 c4 7. Bg2 Bb4 8. 0-0 Nge7 9. a3 Ba5 10. e4 0-0 11. exd5 Nxd5 12. Nxd5 Qxd5 13. Ne5 Qb5 14. Nxc6 bxc6 15. a4 Qa6 16. Qf3 Bd7 17. Bf4 Rac8 18. Bd6 Rfe8 19. b4 cxb3 20. Qxb3 Be6 21. Qa3 Bd5 22. Bc5 Rb8 23. Rab1 Bc4 24. Rfd1 Be2 25. Bf1 Bxf1 26. Rxf1 Rxb1 1/2-1/2